| 000 | 00469cam a2200181ua 4500 | ||
|---|---|---|---|
| 020 | _c6.00 | ||
| 041 |
_aeng _h |
||
| 082 |
_a671.5212 _bSAC/TH |
||
| 100 | _aSacks, Raymond.J . | ||
| 245 |
_aTheory and practice of arc welding / _cJ.Raymond Sacks. _hTextual Documents |
||
| 250 |
_a2 / _b. |
||
| 260 |
_aNew Delhi : _bAffiliated East West Press Pvt Ltd , _c1965. |
||
| 300 | _a478 ; . | ||
| 365 | _a6.00 | ||
| 504 | _a | ||
| 942 | _cBK | ||
| 999 |
_c2485 _d2485 |
||